Statistics for Countries of the World by their Official Name

Click here to take the quiz!

General Stats

  • This quiz has been taken 21 times
  • The average score is 44 of 196

Answers on the Map

Answers color-coded by a green-red scale on the quiz's map according to % correct below.
 

Answer Stats

Country% Correct
United States of America
87%
Kingdom of Spain
73%
People's Republic of China
73%
Canada
67%
United Kingdom of Great Britain and Northern Ireland
67%
Russian Federation
60%
United Arab Emirates
53%
Democratic Republic
of the Congo
47%
French Republic
47%
Japan
47%
Kingdom of Denmark
47%
Kingdom of Saudi Arabia
47%
Kingdom of Sweden
47%
Republic of Iceland
47%
Republic of Korea
47%
Republic of South Africa
47%
Republic of the Congo
47%
Commonwealth of Australia
40%
Czech Republic
40%
Islamic Republic of Iran
40%
Kingdom of Belgium
40%
Kingdom of Norway
40%
Kingdom of the Netherlands
40%
Republic of China
40%
Republic of Finland
40%
Republic of India
40%
Republic of Poland
40%
Central African Republic
33%
Dominican Republic
33%
Federal Republic of Germany
33%
Ireland
33%
Israel
33%
Italian Republic
33%
Kingdom of Morocco
33%
New Zealand
33%
Republic of Armenia
33%
Republic of Austria
33%
Republic of Chile
33%
Republic of Estonia
33%
Republic of Latvia
33%
Republic of Lithuania
33%
Republic of Turkey
33%
Swiss Confederation
33%
Arab Republic of Egypt
27%
Bolivarian Republic of Venezuela
27%
Democratic People's Republic of Korea
27%
Federated States of
Micronesia
27%
Kingdom of Thailand
27%
Mongolia
27%
Plurinational State of Bolivia
27%
Portuguese Republic
27%
Republic of Angola
27%
Republic of Azerbaijan
27%
Republic of Belarus
27%
Republic of Benin
27%
Republic of Botswana
27%
Republic of Burundi
27%
Republic of Cameroon
27%
Republic of Chad
27%
Republic of Colombia
27%
Republic of Côte d'Ivoire
27%
Republic of Djibouti
27%
Republic of Ecuador
27%
Republic of El Salvador
27%
Republic of Ghana
27%
Republic of Guatemala
27%
Republic of Guinea
27%
Republic of Honduras
27%
Republic of Iraq
27%
Republic of Kazakhstan
27%
Republic of Kenya
27%
Republic of Liberia
27%
Republic of Madagascar
27%
Republic of Mozambique
27%
Republic of Namibia
27%
Republic of Nicaragua
27%
Republic of Niger
27%
Republic of Panama
27%
Republic of Paraguay
27%
Republic of Peru
27%
Republic of Rwanda
27%
Republic of Seychelles
27%
Republic of Sierra Leone
27%
Republic of Suriname
27%
Republic of Tajikistan
27%
Republic of Uganda
27%
Republic of Uzbekistan
27%
Republic of Yemen
27%
Republic of Zambia
27%
Republic of Zimbabwe
27%
Socialist Republic of Vietnam
27%
Syrian Arab Republic
27%
Argentine Republic
20%
Federative Republic of Brazil
20%
Hashemite Kingdom of Jordan
20%
Islamic Republic of Afghanistan
20%
Islamic Republic of Pakistan
20%
Kingdom of Bhutan
20%
Kingdom of Eswatini
20%
Republic of Albania
20%
Republic of Bulgaria
20%
Republic of Costa Rica
20%
Republic of Croatia
20%
Republic of Cuba
20%
Republic of Cyprus
20%
Republic of Equatorial Guinea
20%
Republic of Guinea-Bissau
20%
Republic of Haiti
20%
Republic of Indonesia
20%
Republic of Kosovo
20%
Republic of Malawi
20%
Republic of Mali
20%
Republic of Malta
20%
Republic of Mauritius
20%
Republic of Moldova
20%
Republic of Serbia
20%
Republic of Slovenia
20%
Republic of South Sudan
20%
Slovak Republic
20%
Solomon Islands
20%
Ukraine
20%
United Mexican States
20%
Antigua and Barbuda
13%
Barbados
13%
Belize
13%
Burkina Faso
13%
Co-operative Republic of Guyana
13%
Eastern Republic of Uruguay
13%
Georgia
13%
Grand Duchy of Luxembourg
13%
Grenada
13%
Hellenic Republic
13%
Hungary
13%
Jamaica
13%
Kingdom of Bahrain
13%
Kingdom of Cambodia
13%
Kingdom of Tonga
13%
Lebanese Republic
13%
Principality of Liechtenstein
13%
Principality of Monaco
13%
Republic of Cabo Verde
13%
Republic of Maldives
13%
Republic of North Macedonia
13%
Republic of San Marino
13%
Republic of Senegal
13%
Republic of the Gambia
13%
Republic of the Philippines
13%
Republic of Trinidad and Tobago
13%
Romania
13%
Saint Lucia
13%
Saint Vincent and the Grenadines
13%
Tuvalu
13%
Bosnia and Herzegovina
7%
Commonwealth of Dominica
7%
Commonwealth of the Bahamas
7%
Democratic Republic of São Tomé and Príncipe
7%
Democratic Republic of Timor-Leste
7%
Democratic Socialist Republic of Sri Lanka
7%
Federal Democratic Republic of Ethiopia
7%
Federal Republic of Nigeria
7%
Federal Republic of Somalia
7%
Federation of Saint Kitts and Nevis
7%
Gabonese Republic
7%
Islamic Republic of Mauritania
7%
Kingdom of Lesotho
7%
Kyrgyz Republic
7%
Malaysia
7%
Montenegro
7%
People's Democratic Republic of Algeria
7%
People's Republic of Bangladesh
7%
Principality of Andorra
7%
Republic of Fiji
7%
Republic of Kiribati
7%
Republic of Nauru
7%
Republic of Palau
7%
Republic of Singapore
7%
Republic of the Marshall Islands
7%
Republic of Vanuatu
7%
State of Eritrea
7%
State of Kuwait
7%
State of Libya
7%
State of Qatar
7%
Sultanate of Oman
7%
Togolese Republic
7%
Tunisian Republic
7%
Turkmenistan
7%
Union of the Comoros
7%
United Republic of Tanzania
7%
Vatican City State
7%
Federal Democratic Republic of Nepal
0%
Independent State of Papua New Guinea
0%
Independent State of Samoa
0%
Lao People's Democratic Republic
0%
Nation of Brunei, Abode of Peace
0%
Republic of the Sudan
0%
Republic of the Union of Myanmar
0%

Score Distribution

Percentile by Number Answered

Percent of People with Each Score

Your Score History

You have not taken this quiz